AT G.H.Q / (Record no. 187100)
[ view plain ]
| 000 -LEADER | |
|---|---|
| fixed length control field | 00540 a2200169 4500 |
| 003 - CONTROL NUMBER IDENTIFIER | |
| control field | Nust |
| 005 - DATE AND TIME OF LATEST TRANSACTION | |
| control field | 20230404120055.0 |
| 040 ## - CATALOGING SOURCE | |
| Transcribing agency | Nust |
| 082 ## - DEWEY DECIMAL CLASSIFICATION NUMBER | |
| Classification number | 940.46,CHA |
| 100 ## - MAIN ENTRY--PERSONAL NAME | |
| Personal name | John Charteris |
| 9 (RLIN) | 108430 |
| 245 ## - TITLE STATEMENT | |
| Title | AT G.H.Q / |
| Statement of responsibility, etc. | Brigadier-General John Charteris |
| 260 ## - PUBLICATION, DISTRIBUTION, ETC. | |
| Place of publication, distribution, etc. | London |
| Name of publisher, distributor, etc. | Cassell and company |
| Date of publication, distribution, etc. | 1931 |
| 300 ## - PHYSICAL DESCRIPTION | |
| Extent | 363 |
| 505 ## - FORMATTED CONTENTS NOTE | |
| Formatted contents note | Corps Head-Quarters 1914 (Page-3), Army Head-Quarters 1915 (Page-71), GHQ 1916 (Page-129), GHQ 1917 (Page-185), GHQ 1918 (Page-281). |
| 650 ## - SUBJECT ADDED ENTRY--TOPICAL TERM | |
| Topical term or geographic name entry element | AT G.H.Q |
| 9 (RLIN) | 108431 |
| 942 ## - ADDED ENTRY ELEMENTS (KOHA) | |
| Source of classification or shelving scheme | |
| Koha item type | Book |
| Call number prefix | 940.46,CHA |
| Withdrawn status | Lost status | Source of classification or shelving scheme | Damaged status | Not for loan | Collection code | Permanent Location | Current Location | Date acquired | Total Checkouts | Full call number | Barcode | Date last seen | Price effective from | Koha item type | Shelving location | Public note |
|---|---|---|---|---|---|---|---|---|---|---|---|---|---|---|---|---|
| Military College of Signals (MCS) | Military College of Signals (MCS) | 12/12/2016 | 940.46 CHA | MCS29304 | 12/08/2016 | 12/12/2016 | Book | |||||||||
| Military College of Signals (MCS) | Military College of Signals (MCS) | 12/12/2016 | 940.46,CHA | MCS29305 | 12/08/2016 | 12/12/2016 | Book | General Stacks | Almirah No.60, Shelf No.1 |
